| 000 | 00616nam a2200205 a 4500 | ||
|---|---|---|---|
| 001 | 4977 | ||
| 003 | CDMR | ||
| 005 | 20151022114202.0 | ||
| 008 | 130130s1966||||||||||||||||||||||||||||d | ||
| 040 |
_aCDMR _bcat _cCDMR |
||
| 245 | 0 |
_aL'informatión à travers le monde _b: presse, radio, télévision, film |
|
| 250 | _a4a ed. | ||
| 260 |
_aAmsterdam _c1966 _bUNESCO |
||
| 300 | _a424 p. | ||
| 650 | 0 | 4 |
_92190 _aComunicació internacional |
| 650 | 0 | 4 |
_93923 _aMitjans de comunicació de massa _vDirectoris |
| 650 | 0 | 4 |
_94117 _aMitjans de comunicació de massa _vEstadístiques |
| 710 | 2 |
_91452 _aUnesco |
|
| 942 |
_cMON _2udc |
||
| 999 |
_c4977 _d4977 |
||